000 00445 a2200157 4500
020 _a0030105927
040 _aDLC
_bDLC
100 1 0 _aGuru, Bhag S.
245 1 0 _aElectric machinery and transformers
_cGuru, Bhags S.
250 _a2nd ed.
260 0 _aFort Worth
_b: Saunders College Pub.
_c1995.
300 _axvi, 675 p.
_b: ill.
_c; 25 cm.
650 0 _aElectric machinery.
700 1 _aHiziroglu, Huseyin R.
942 _cBK
_k621.31042 GUR
_2ddc
999 _c10405
_d10405